| 000 | 00494nam a2200181Ia 4500 | ||
|---|---|---|---|
| 008 | 240925s9999 xx 000 0 und d | ||
| 020 | _a9788126521487 | ||
| 082 | _a621.3815 GRA | ||
| 100 | _aHurst, Gray ; Meyer, Lewis | ||
| 245 | 0 | _aAnalysis and Design of Analog Integrated Circuits | |
| 250 | _a5th | ||
| 260 |
_aNew Delhi: _bWiley _c,2010. |
||
| 300 |
_axiv, 567p. _b0 _fOriginal |
||
| 500 | _aIncludes Index | ||
| 600 | _aEngineering Technology | ||
| 650 | _aTechnology | ||
| 942 | _cBK | ||
| 999 |
_c13789 _d13789 |
||